MARC details
| 000 -CABECERA |
| campo de control de longitud fija |
00866cam a2200241 a 4500 |
| 001 - NÚMERO DE CONTROL |
| campo de control |
000015182 |
| 005 - FECHA Y HORA DE LA ÚLTIMA TRANSACCIÓN |
| campo de control |
20200929163957.0 |
| 008 - DATOS DE LONGITUD FIJA--INFORMACIÓN GENERAL |
| campo de control de longitud fija |
840403s1974 sp a 001 0 spa |
| 040 ## - FUENTE DE LA CATALOGACIÓN |
| Centro catalogador/agencia de origen |
DO-SdBNP |
| Lengua de catalogación |
spa |
| Centro/agencia transcriptor |
DLC |
| Centro/agencia modificador |
BNPHU |
| 082 ## - NÚMERO DE LA CLASIFICACIÓN DECIMAL DEWEY |
| Número de clasificación |
264.2395 |
| Número de documento/Ítem |
C223g |
| 049 ## - FONDOS LOCALES (OCLC) |
| Fondos de biblioteca |
BNGR |
| 100 1# - ENTRADA PRINCIPAL--NOMBRE DE PERSONA |
| Nombre de persona |
Canino Salgado, Marcelino J. |
| 9 (RLIN) |
34385 |
| 245 10 - MENCIÓN DE TÍTULO |
| Título |
Gozos devocionales de la tradición puertorriqueña / |
| Mención de responsabilidad, etc. |
Marcelino J. Canino Salgado. |
| 260 ## - PUBLICACIÓN, DISTRIBUCIÓN, ETC. |
| Lugar de publicación, distribución, etc. |
Madrid, España : |
| Nombre del editor, distribuidor, etc. |
Editorial Universitaria, Universidad de Puerto Rico, |
| Fecha de publicación, distribución, etc. |
1974. |
| 300 ## - DESCRIPCIÓN FÍSICA |
| Extensión |
148 p. : |
| Otras características físicas |
il., rets ; |
| Dimensiones |
18 cm. |
| 490 1# - MENCIÓN DE SERIE |
| Mención de serie |
Uprex |
| Designación de volumen o secuencia |
32 |
| 490 1# - MENCIÓN DE SERIE |
| Mención de serie |
Lengua y folklore |
| 650 #4 - PUNTO DE ACCESO ADICIONAL DE MATERIA--TÉRMINO DE MATERIA |
| Término de materia o nombre geográfico como elemento de entrada |
Iglesia católica |
| Subdivisión general |
Himnos |
| 9 (RLIN) |
34386 |
| 650 #4 - PUNTO DE ACCESO ADICIONAL DE MATERIA--TÉRMINO DE MATERIA |
| Término de materia o nombre geográfico como elemento de entrada |
Himnos religiosos |
| Subdivisión geográfica |
Puerto Rico |
| 9 (RLIN) |
34387 |
| 650 #4 - PUNTO DE ACCESO ADICIONAL DE MATERIA--TÉRMINO DE MATERIA |
| Término de materia o nombre geográfico como elemento de entrada |
Poesía religiosa puertorriqueña |
| 9 (RLIN) |
34388 |
| 830 #0 - PUNTO DE ACCESO ADICIONAL DE SERIE-TÍTULO UNIFORME |
| Título uniforme |
Uprex |
| Nombre de parte o sección de la obra |
Lengua y folklore ; |
| Designación de volumen o secuencia |
32 |
| 9 (RLIN) |
34389 |
| 910 ## - DATOS DE OPCIÓN DEL USUARIO (OCLC) |
| Datos de opción del usuario |
Catalogación por copia / LC |